Normal view
MARC view
Entry Personal Name
001 - CONTROL NUMBER
- control field: 15130
003 - CONTROL NUMBER IDENTIFIER
- control field: OSt
005 - DATE AND TIME OF LATEST TRANSACTION
- control field: 20211026093001.0
008 - FIXED-LENGTH DATA ELEMENTS
- fixed length control field: 211026|| aca||aabn | a|a d
040 ## - CATALOGING SOURCE
- Original cataloging agency: OSt
- Transcribing agency: OSt
100 ## - HEADING--PERSONAL NAME
- Personal name: Conway, Gordon.
- Title of a work: Doubly green revolution.
670 ## - SOURCE DATA FOUND
- Source citation: Work cat.: (OSt)0: Conway, Gordon.; 15128, One billion hungry., 2012.
